Normal view
MARC view
- تاليف غانم، عبدالله عبد الغني
Entry Personal Name
001 - CONTROL NUMBER
- control field: 14418
003 - CONTROL NUMBER IDENTIFIER
- control field: JO-AjAnu
005 - DATE AND TIME OF LATEST TRANSACTION
- control field: 20230606072613.0
008 - FIXED-LENGTH DATA ELEMENTS
- fixed length control field: 230606|| aca||aabn | a|a d
040 ## - CATALOGING SOURCE
- Original cataloging agency: JO-AjAnu
- Transcribing agency: JO-AjAnu
100 ## - HEADING--PERSONAL NAME
- Personal name: تاليف غانم، عبدالله عبد الغني
670 ## - SOURCE DATA FOUND
- Source citation: Work cat.: (JO-AjAnu)7408: تاليف غانم، عبدالله عبد الغني, author, التبادل وعمليات الإستثمار والإدخار في المجتمع المحلي التقليدي والحضري: دراسة مقارنة في الانثروبولوجيا الاقتصادية